| 000 | 00329nam a22001217a 4500 | ||
|---|---|---|---|
| 008 | 220209b ||||| |||| 00| 0 eng d | ||
| 020 | _a9780310345527 | ||
| 100 |
_aLyons Rebekah _97547 |
||
| 245 | _aYou Are Free (Be Who You Already Are) | ||
| 260 |
_aU.S.A _bHarper Collins Publishers _c2017 |
||
| 300 | _a238.P | ||
| 942 |
_2ddc _cBK |
||
| 999 |
_c11988 _d11988 |
||